| 000 | 01159cam a2200325 i 4500 | ||
|---|---|---|---|
| 001 | 17525525 | ||
| 005 | 20170105102350.0 | ||
| 008 | 121109t20132013njua 001 0 eng | ||
| 010 | _a 2012035397 | ||
| 020 | _a9780137081899 (v. 1 : pbk. : alk. paper) | ||
| 020 | _a9780137081608 (v. 2: pbk. : alk. paper) | ||
| 040 |
_aDLC _beng _cDLC _erda _dDLC |
||
| 042 | _apcc | ||
| 050 | 0 | 0 |
_aQA76.73.J38 _bH6753 2013 |
| 082 | 0 | 0 |
_a005.133 _223 |
| 100 | 1 |
_aHorstmann, Cay S., _d1959- |
|
| 245 | 1 | 0 |
_aCore Java Volume I--Fundamentals _cCay S. Horstmann, Gary Cornell. |
| 250 | _aNinth edition. | ||
| 260 |
_aNew York _bPrentice Hall : _c2013 |
||
| 300 |
_axxvi, 974 P. _billustrations ; _c23 cm. |
||
| 500 | _a"Revised and updated for Java SE 7"--Cover. | ||
| 500 | _aIncludes index. | ||
| 505 | 0 | _av. 1. Fundamentals -- v. 2. Advanced features. | |
| 650 | 0 | _aJava (Computer program language) | |
| 700 | 1 | _aCornell, Gary. | |
| 906 |
_a7 _bcbc _corignew _d1 _eecip _f20 _gy-gencatlg |
||
| 942 |
_2ddc _cBK |
||
| 999 |
_c11896 _d11896 |
||